Martin's Physical Pharmacy and Pharmaceutical Sciences (Record no. 11424)

MARC details
000 -LEADER
fixed length control field 00436nam a22001697a 4500
003 - CONTROL NUMBER IDENTIFIER
control field OSt
008 - FIXED-LENGTH DATA ELEMENTS--GENERAL INFORMATION
fixed length control field 220709b ||||| |||| 00| 0 eng d
020 ## - INTERNATIONAL STANDARD BOOK NUMBER
International Standard Book Number 9789351297550
082 ## - DEWEY DECIMAL CLASSIFICATION NUMBER
Classification number 615.151 SIP
100 ## - MAIN ENTRY--PERSONAL NAME
Personal name SINKO,Patrick J
245 ## - TITLE STATEMENT
Title Martin's Physical Pharmacy and Pharmaceutical Sciences
250 ## - EDITION STATEMENT
Edition statement 7th
260 ## - PUBLICATION, DISTRIBUTION, ETC. (IMPRINT)
Place of publication, distribution, etc New Delhi
Name of publisher, distributor, etc Wolters Kluwer
Date of publication, distribution, etc 2017
300 ## - PHYSICAL DESCRIPTION
Extent 701
650 ## - SUBJECT ADDED ENTRY--TOPICAL TERM
Topical term or geographic name as entry element Physical Pharmaceutics
942 ## - ADDED ENTRY ELEMENTS (KOHA)
Source of classification or shelving scheme Dewey Decimal Classification
Koha item type Text Books
Holdings
Withdrawn status Lost status Source of classification or shelving scheme Damaged status Not for loan Collection code Home library Current library Date acquired Source of acquisition Currency Cost, normal purchase price Bill Number Total Checkouts Full call number Acc. no. / Barcode Date last seen Actual Cost, discounted price Bill Date Koha item type Checked out Date last borrowed
    Dewey Decimal Classification     B.Pharma PIET C-LIBRARY PIET C-LIBRARY 08/07/2022 Kirti Prakashan Indian Rup 2199.00 IN478   615.151 SIP BP1794 09/07/2022 1649.25 06/07/2022 Text Books    
    Dewey Decimal Classification     B.Pharma PIET C-LIBRARY PIET C-LIBRARY 08/07/2022 Kirti Prakashan Indian Rup 2199.00 IN478 7 615.151 SIP BP1795 04/06/2026 1649.25 06/07/2022 Text Books 18/06/2026 04/06/2026
    Dewey Decimal Classification     B.Pharma PIET C-LIBRARY PIET C-LIBRARY 08/07/2022 Kirti Prakashan Indian Rup 2199.00 IN478 3 615.151 SIP BP1796 30/04/2026 1649.25 06/07/2022 Text Books   16/04/2026
    Dewey Decimal Classification     B.Pharma PIET C-LIBRARY PIET C-LIBRARY 08/07/2022 Kirti Prakashan Indian Rup 2199.00 IN478 4 615.151 SIP BP1797 27/05/2026 1649.25 06/07/2022 Text Books   05/05/2026
    Dewey Decimal Classification     B.Pharma PIET C-LIBRARY PIET C-LIBRARY 08/07/2022 Kirti Prakashan Indian Rup 2199.00 IN478 3 615.151 SIP BP1798 12/07/2024 1649.25 06/07/2022 Text Books   10/07/2024

Design & Developed by: PIET Central Library
R70 Miles Stone Pattikalyana Samalkha Panipat 132102
mail ID :- [email protected], Phone No:- 0180-2569700 Ex.216